| 000 | 00384nam a2200169Ia 4500 | ||
|---|---|---|---|
| 005 | 20250603144927.0 | ||
| 008 | 250603s9999 xx 000 0 und d | ||
| 020 | _a605-4081-56-1 | ||
| 050 | _aPZ 7 .H39 E84/ | ||
| 100 | _aHawthorne, Nathaniel | ||
| 245 | 0 | _aEthan brand | |
| 260 | _aIstanbul | ||
| 260 | _bTEG Publishing | ||
| 300 | _a32 p | ||
| 650 | _aIstanbul | ||
| 942 | _cBK | ||
| 999 |
_c40361 _d40361 |
||